01113nam a2200229 a 450000100100000000500170001000800410002702000180006804000250008608200140011110000340012524501140015926000760027330000210034950000980037070000320046804900090050095201270050995201120063695201180074899900170086600003253820200930065708.0110719s2012 dr 000 0 spa d a9789945862836 aDO-SdBNPbspacBNPHU axxxxbxxx1 aGurú Devanand, Swami95846510aContacto con Dios :bel código secreto de la espiritualidad /cSuami Gurú Devanand, Saraswati Ji Maharaj. aSanto Domingo :bSociedad Internacional de Realización Divina,c2012. a120 p. ;c15 cm. aIncluye datos biográficos de los autores en la solapa de la cubierta y en la contracubierta1 aJi Maharaj, Saraswat958466 aBNPD 001054708DSaGRbGRcCTd2011-07-19iLF1l0oxxxx xxxp32538-30r2020-06-25te. 3w2020-06-25yLFDSZPréstamo en sala 0010718PDaPDbPDcCTd2011-07-19iLF1l0oxxxx xxxp32538-10r2020-06-25w2020-06-25yLFPDZNo se presta 0010718PDaPDbPDcCTd2011-07-19iLF1l0oxxxx xxxp32538-20r2020-06-25te. 2w2020-06-25yLFPDZNo se presta c32029d32029